[Event "LUX-ch AB"]
[Site "Differdingen"]
[Date "2007.04.14"]
[Round "8.12"]
[White "Buchholtz, Leon"]
[Black "Stoverinck, Tijn"]
[Result "1-0"]
[WhiteElo "1930"]
[BlackElo "1749"]
[PlyCount "57"]
[EventDate "2007.04.07"]
[EventType "swiss"]
[EventRounds "9"]
[EventCountry "LUX"]
[SourceTitle "EXT 2008"]
[Source "ChessBase"]
[SourceDate "2007.11.25"]
[SourceVersion "1"]
[SourceVersionDate "2007.11.25"]
[SourceQuality "1"]

1. d4 Nf6 2. c4 g6 3. Nc3 Bg7 4. e4 d6 5. Nf3 0-0 6. Be2 e5 7. d5 c6 8. 0-0 cxd5 9. cxd5 Nbd7 10. Be3 Ng4 11. Bg5 f6 12. Bd2 f5 13. Bg5 Ndf6 14. Ne1 f4 15. Bxg4 Bxg4 16. Bxf6 Qd7 17. f3 Bh5 18. Bxg7 Kxg7 19. Nd3 g5 20. Nf2 Rf6 21. Rc1 Rg8 22. Qa4 Qe7 23. Nb5 Kh8 24. Rc7 Qf8 25. Qxa7 g4 26. Rxb7 Rh6 27. Nxg4 Bxg4 28. fxg4 Qd8 29. h3 1-0